000 01289nam a22002777a 4500
005 20170324110623.0
008 140714b xxu||||| |||| 00| 0 Urdu d
010 _aUR-8590 B-548294 B-665936
020 _c380.00
_a9789381029541
035 _aU-7145 B-548294 B-665936
037 _bBPPD/Publishers/Venders
037 _bDBAD/Pub.
037 _bStar Pub.(Ven.)/Arshia Pub.(Pub.)
040 _aDPL
_bUrdu
082 _a840.8
100 _aعز يز ا حمد خا ن
245 _aفر ا ق گو ر کھپو ر ی بحيثيت نثر نگا ر
_cعز يز ا حمد خا ن
246 _aFiraq Gorakhpuri Bahasiyat Nasr Nigar
_bby Aziz Ahmad Khan
260 _bArshia Publictions
_bStar Publications.( Vender)
_c2013
260 _a4/5Asaf Ali Road,New Delhi-110002
270 _aA-170,Ground Floor, 3,Surya Apartment, Dilshad Colony,
_b دھلی
_e110095
_k9971775969
300 _a375ص
_c22Cm(Pb)
942 _2ddc
_cUR
_mع ز ی
_h840.8
999 _c87803
_d87803